Top 15 Sodas by Sales - Statistics

General Stats
  • This quiz has been taken 67 times
  • The average score is 9 of 15
Answer Stats
Answer % Correct
Pepsi-Cola
98%
Fanta
95%
Sprite
95%
Coka-Cola
90%
Dr. Pepper
88%
Mountain Dew
78%
Diet Coke
67%
Diet Pepsi
57%
7UP
55%
Coke Zero Sugar
55%
Canada Dry Ginger Ale
43%
A&W Root Beer
38%
Sunkist
33%
Barq's Root Beer
28%
Minute MaidCarbonated
20%
No matching quizzes found
Score Distribution
Percent of People with Each Score
Percentile by Number Answered
Your Score History
You have not taken this quiz